000
00296nam a22001217a 4500
082
_a
153.4
_b
TAG/T
100
_a
TAGORE,RABINDER NATH
245
_a
THOUGHTS FROM RABINDER NATH TAGORE
260
_a
CHANDIGARH
_b
ABHISHEK PUBLICATIONS
300
_a
206
650
_a
THOUGHTS
_z
CHANDIGARH
942
_c
BK
999
_c
3749
_d
3749